College Football Teams to make the Orange Bowl - Statistics

General Stats
  • This quiz has been taken 28 times
  • The average score is 28 of 54
Answer Stats
Appearances Answer % Correct
9 Alabama
100%
2 Ohio St
100%
4 Florida
95%
4 Georgia
95%
10 Florida St
91%
2 Texas
91%
4 Michigan
86%
2 USC
82%
2 Auburn
77%
7 Clemson
77%
5 LSU
77%
17 Nebraska
77%
20 Oklahoma
73%
5 Penn St
73%
1 Washington
73%
5 Notre Dame
68%
1 Virginia
68%
10 Miami
64%
4 Missouri
64%
3 Kansas
59%
1 North Carolina
59%
1 Ole Miss
59%
5 Tennessee
59%
2 Texas A+M
59%
4 Virginia Tech
59%
5 Colorado
55%
7 Georgia Tech
55%
2 Iowa
55%
1 Stanford
55%
1 Kentucky
50%
1 Michigan St
50%
1 Wisconsin
50%
1 Boston College
45%
2 Duke
45%
3 Syracuse
45%
1 West Virginia
45%
1 Baylor
41%
3 Maryland
41%
2 Arkansas
36%
1 Louisville
36%
3 Mississippi St
36%
1 TCU
36%
1 Wake Forest
32%
1 Navy
27%
1 Cincinnati
23%
1 Rice
18%
1 Bucknell
9%
1 Duquesne
9%
1 Tulsa
9%
1 Catholic
5%
1 Santa Clara
5%
1 Georgetown
0%
1 Holy Cross
0%
1 Northern Illinois
0%
No matching quizzes found
Score Distribution
Percent of People with Each Score
Percentile by Number Answered
Your Score History
You have not taken this quiz